000 00871nam a2200241 a 4500
999 _c230
_d230
001 230
003 BD-JhCC
005 20171004092755.0
008 171002s1997 bg |||| |||| 000 0 ben d
020 _a984461406
035 _a(BD-JhCC) 230
040 _aBD-JhCC
_dBD-JhCC
041 _aben
082 _a822.33
_bSEK 1997
100 _aশেক্সপীয়ার, উইলিয়াম
_c১৫৬৪-১৬১৬
245 _aজুলিয়াস সীজার /
_cউইলিয়াম শেক্সপীয়ার, অনু : আইমেদ পারভেজ
260 _aঢাকা :
_bগতিধারা প্রকাশনি,
_c১৯৯৭.
300 _a৫৯ পৃ. :
_c২১ সেমি.
650 _aEnglish Drama (Comedy)
700 _aপারভেজ, আইমেদ
942 _2ddc
_cBK